| 000 | 00662nam a2200193 a 4500 | ||
|---|---|---|---|
| 005 | 20260415064151.0 | ||
| 008 | 991125s1970 mx 000 0 spa u | ||
| 035 | _aUPN01000001427 | ||
| 049 | _aF | ||
| 050 | 4 |
_aLE7.2913 U2.65 _bD4.13 no.5 |
|
| 100 | 1 |
_aQuesada Castillo, Rocío _929585 |
|
| 245 | 1 | 0 |
_aAlcance y perspectiva de la evaluación educativa / _cRocío Quesada Castillo. |
| 260 |
_aMéxico : _bUNAM, _c[1970?]. |
||
| 300 | _a12 p | ||
| 440 | 0 |
_aDeslinde. _pCuadernos de cultura política universitaria. _pNuevos métodos de enseñanza ; _v5 |
|
| 650 | 4 |
_aEvaluación educativa _94298 |
|
| 650 | 4 |
_aMediciones y pruebas educativas _94299 |
|
| 905 | _aLibro | ||
| 999 |
_c1427 _d1427 |
||